Statistics for Every Premier League Goalscorer for Portsmouth

Click here to take the quiz!

General Stats

  • This quiz has been taken 28 times
  • The average score is 22 of 57

Answer Stats

Player% Correct
Sol Campbell
95%
Jermain Defoe
84%
Nwankwo Kanu
84%
Peter Crouch
84%
Glen Johnson
68%
Yakubu Ayegbeni
68%
Benjani Mwaruwari
63%
Niko Kranjčar
63%
John Utaka
58%
Lomano Lua Lua
58%
Matthew Taylor
58%
Teddy Sheringham
58%
Dejan Stefanović
53%
Hermann Hreiðarsson
53%
Jamie O’Hara
53%
Lassana Diarra
53%
Sean Davis
53%
Steve Stone
53%
Andy Cole
47%
Kevin-Prince Boateng
47%
Linvoy Primus
47%
Pedro Mendes
47%
Sulley Muntari
47%
Svetoslav Todorov
47%
Tommy Smith
47%
Arjan de Zeeuw
42%
Frédéric Piquionne
42%
Gary O’Neil
42%
Patrik Berger
42%
David Nugent
37%
Nigel Quashie
37%
Laurent Robert
32%
Noé Pamarot
32%
Richard Hughes
32%
Younès Kaboul
32%
Andrés D’Alessandro
26%
Michael Brown
26%
Tim Sherwood
26%
David Unsworth
21%
Eyal Berkovic
21%
Ivica Mornar
21%
Jason Roberts
21%
Nadir Belhadj
21%
Ricardo Fuller
21%
Aruna Dindane
16%
Diomansy Kamara
16%
Sébastien Schemmel
16%
Armand Traoré
11%
Hassan Yebda
11%
Jhon Viáfara
11%
Ognjen Koroman
11%
Arnold Mvuemba
5%
Azar Karadas
5%
Danny Webber
5%
Darío Silva
5%
Manuel Fernandes
5%
Zvonimir Vukić
5%

Score Distribution

Percentile by Number Answered

Percent of People with Each Score

Your Score History

You have not taken this quiz